Capocannonieri della Serie A - Statistics

Statistiche generali
  • Questo quiz è stato fatto 245 volte
    140 dall'ultimo reset
  • Il punteggio medio è 55 su 105
Statistiche sulle risposte
Stagione Gol Nazione Squadra Calciatore % Corretto
2020-21 29 Portogallo Juventus Cristiano Ronaldo
100%
2009-10 29 Italia Udinese Antonio Di Natale
99%
2010-11 28 Italia Udinese Antonio Di Natale
99%
2013-14 22 Italia Torino Ciro Immobile
99%
2017-18 29 Italia Lazio Ciro Immobile
99%
2019-20 36 Italia Lazio Ciro Immobile
99%
2021-22 27 Italia Lazio Ciro Immobile
99%
2023-24 24 Argentina Inter Lautaro Martínez
99%
2006-07 26 Italia Roma Francesco Totti
98%
2008-09 25 Svezia Inter Zlatan Ibrahimović
98%
2011-12 28 Svezia Milan Zlatan Ibrahimović
98%
2007-08 21 Italia Juventus Alessandro Del Piero
97%
2016-17 29 Bosnia ed Erzegovina Roma Edin Džeko
97%
2012-13 29 Uruguay Napoli Edinson Cavani
97%
2015-16 36 Argentina Napoli Gonzalo Higuaín
97%
2018-19 26 Italia Sampdoria Fabio Quagliarella
95%
2022-23 26 Nigeria Napoli Victor Osimhen
95%
2005-06 31 Italia Fiorentina Luca Toni
93%
2014-15 22 Italia Verona Luca Toni
93%
1989-90 19 Paesi Bassi Milan Marco van Basten
93%
1991-92 25 Paesi Bassi Milan Marco van Basten
93%
2014-15 22 Argentina Inter Mauro Icardi
93%
2017-18 29 Argentina Inter Mauro Icardi
93%
2001-02 24 Francia Juventus David Trezeguet
91%
2024-25 25 Argentina / Italia Atalanta Mateo Retegui
90%
2002-03 24 Italia Inter Christian Vieri
89%
1987-88 15 Argentina Napoli Diego Armando Maradona
88%
1982-83 16 Francia Juventus Michel Platini
87%
1983-84 20 Francia Juventus Michel Platini
87%
1984-85 18 Francia Juventus Michel Platini
87%
1994-95 26 Argentina Fiorentina Gabriel Batistuta
85%
1990-91 19 Bandiera Italia Sampdoria Gianluca Vialli
79%
1996-97 24 Italia Atalanta Filippo Inzaghi
78%
1966-67 18 Italia Cagliari Gigi Riva
76%
1968-69 20 Italia Cagliari Gigi Riva
76%
1969-70 21 Italia Cagliari Gigi Riva
76%
1977-78 24 Italia Lanerossi Vicenza Paolo Rossi
74%
2000-01 26 Argentina Lazio Hernán Crespo
73%
2004-05 24 Italia Livorno Cristiano Lucarelli
70%
1929-30 31 Italia Ambrosiana Giuseppe Meazza
68%
1935-36 25 Italia Ambrosiana-Inter Giuseppe Meazza
68%
1937-38 20 Italia Ambrosiana-Inter Giuseppe Meazza
68%
1999-00 24 craina Milan Andrij Ševčenko
65%
2003-04 24 Ucraina Milan Andrij Ševčenko
65%
1964-65 17 l'Italia Inter Sandro Mazzola
61%
1946-47 29 Italia Torino Valentino Mazzola
61%
1992-93 26 Italia Lazio Giuseppe Signori
56%
1993-94 23 Italia Lazio Giuseppe Signori
56%
1995-96 24 Italia Lazio Giuseppe Signori
56%
1936-37 21 Italia Lazio Silvio Piola
56%
1942-43 21 Italia Lazio Silvio Piola
56%
1959-60 28 Argentina Juventus Omar Sívori
54%
1972-73 17 Italia Milan Gianni Rivera
53%
1949-50 35 Svezia Milan Gunnar Nordahl
50%
1950-51 34 Svezia Milan Gunnar Nordahl
50%
1952-53 25 Svezia Milan Gunnar Nordahl
50%
1953-54 23 Svezia Milan Gunnar Nordahl
50%
1954-55 27 Svezia Milan Gunnar Nordahl
50%
1997-98 27 Germania Udinese Oliver Bierhoff
50%
2001-02 24 Italia Piacenza Dario Hübner
46%
1980-81 18 Italia Roma Roberto Pruzzo
44%
1981-82 15 Italia Roma Roberto Pruzzo
44%
1985-86 19 Italia Roma Roberto Pruzzo
44%
1976-77 21 Italia Torino Francesco Graziani
39%
1972-73 17 Italia Torino Paolo Pulici
34%
1974-75 18 Italia Torino Paolo Pulici
34%
1975-76 21 Italia Torino Paolo Pulici
34%
1995-96 24 Italia Bari Igor Protti
33%
1970-71 24 Italia Inter Roberto Boninsegna
33%
1971-72 22 Italia Inter Roberto Boninsegna
33%
1947-48 27 Italia Juventus Giampiero Boniperti
32%
1961-62 22 Italia Milan José Altafini
32%
1988-89 22 Italia Inter Aldo Serena
29%
1998-99 22 Brasile Udinese Márcio Amoroso
29%
1986-87 17 Italia Milan Pietro Paolo Virdis
28%
1979-80 16 Italia Juventus Roberto Bettega
27%
1973-74 24 Italia Lazio Giorgio Chinaglia
26%
1957-58 28 Galles Juventus John Charles
24%
1978-79 19 Italia Lazio Bruno Giordano
21%
1967-68 15 Italia Milan Pierino Prati
18%
1972-73 17 Italia Bologna Giuseppe Savoldi
17%
1958-59 33 Argentina Inter Antonio Valentín Angelillo
16%
1948-49 26 Ungheria Inter István Nyers
13%
1951-52 30 Danimarca Juventus John Hansen
11%
1965-66 25 Brasile Lanerossi Vicenza Luís Vinício
9%
1932-33 29 Italia Juventus Felice Borel II
8%
1933-34 32 Italia Juventus Felice Borel II
8%
1945-46 22 Italia Torino Guglielmo Gabetto
7%
1962-63 19 Danimarca Bologna Harald Nielsen
7%
1963-64 21 Danimarca Bologna Harald Nielsen
7%
1938-39 19 Italia Milan Aldo Boffi
5%
1939-40 24 Italia Milan Aldo Boffi
5%
1941-42 22 Italia Milan Aldo Boffi
5%
1931-32 25 Italia Bologna Angelo Schiavio
5%
1930-31 28 Italia Roma Rodolfo Volk
5%
1962-63 19 Italia Roma Pedro Manfredini
4%
1964-65 17 Italia Fiorentina Alberto Orlando
3%
1961-62 22 Italia Fiorentina Aurelio Milani
3%
1956-57 22 Brasile Roma Dino da Costa
3%
1938-39 19 Uruguay Bologna Héctor Puricelli
3%
1940-41 22 Italia Bologna Héctor Puricelli
3%
1960-61 27 Italia Sampdoria Sergio Brighenti
3%
1934-35 28 Italia Roma Enrique Guaita
2%
1955-56 29 Italia Bologna Gino Pivatelli
2%
1931-32 25 Italia Fiorentina Pedro Petrone
2%
Nessun quiz corrispondente trovato
Distribuzione punteggi
Percentuale di utenti per punteggio
Percentile per numero di risposta
I tuoi punteggi nel tempo
Non hai fatto questo quiz dall'ultimo reset